000 00358nam a2200157Ia 4500
003 OSt
005 20240307143933.0
008 170523s9999 xx 000 0 und d
020 _a978-0256055474
040 _ciimtu meerut
100 _aCRAVENS
245 0 _aMARKETING MANAGEMENT
260 _bAITBS PUBLICATION DIS
260 _c2005
942 _2ddc
_c02
999 _c1213
_d1213